[Event "Club 608 Online 1 - Open B (-1600)"]
[Date "2021.04.10"]
[Round "3.8"]
[White "Piquard, Yaroslav"]
[Black "Tu, Léonie"]
[Result "1-0"]
[BlackElo "1217"]
[WhiteElo "1415"]

1. e4 {[%clk 0:50:10.0]} e5 {[%clk 0:50:03.3]} 2. Nf3 {[%clk 0:50:16.4]} Nc6 {[%clk 0:50:08.2]} 3. Bc4 {[%clk 0:50:24.0]} Be7 {[%clk 0:49:32.3]} 4. Nc3 {[%clk 0:49:47.6]} Nf6 {[%clk 0:49:21.7]} 5. d3 {[%clk 0:49:32.5]} d6 {[%clk 0:49:09.5]} 6. 0-0 {[%clk 0:49:31.4]} Bg4 {[%clk 0:48:18.2]} 7. h3 {[%clk 0:49:35.4]} Bh5 {[%clk 0:48:11.5]} 8. Be3 {[%clk 0:49:35.7]} 0-0 {[%clk 0:47:52.1]} 9. Nd5 {[%clk 0:49:12.8]} Nxd5 {[%clk 0:46:21.2]} 10. Bxd5 {[%clk 0:48:57.6]} Kh8 {[%clk 0:44:41.1]} 11. Qe2 {[%clk 0:48:18.3]} Rb8 {[%clk 0:42:24.6]} 12. c3 {[%clk 0:48:17.7]} a6 {[%clk 0:40:59.9]} 13. a4 {[%clk 0:47:55.4]} f5 {[%clk 0:40:14.9]} 14. exf5 {[%clk 0:47:40.6]} Qd7 {[%clk 0:37:01.2]} 15. Be6 {[%clk 0:47:37.0]} Qe8 {[%clk 0:34:34.7]} 16. Rad1 {[%clk 0:45:27.5]} Nd8 {[%clk 0:31:46.8]} 17. g4 {[%clk 0:44:46.5]} Nxe6 {[%clk 0:30:06.0]} 18. fxe6 {[%clk 0:44:49.2]} Qg6 {[%clk 0:28:19.2]} 19. Kh1 {[%clk 0:42:27.6]} Bxg4 {[%clk 0:26:56.7]} 20. hxg4 {[%clk 0:41:21.3]} Qxg4 {[%clk 0:26:35.2]} 21. Ng1 {[%clk 0:40:49.7]} Qh4+ {[%clk 0:26:10.1]} 22. Kg2 {[%clk 0:40:52.5]} Rf6 {[%clk 0:25:12.1]} 23. Nh3 {[%clk 0:39:29.2]} Rg6+ {[%clk 0:23:35.1]} 24. Kh2 {[%clk 0:39:22.5]} Rf8 {[%clk 0:22:11.3]} 25. Rg1 {[%clk 0:34:44.5]} Rgf6 {[%clk 0:19:08.7]} 26. Qg4 {[%clk 0:34:07.2]} Qxg4 {[%clk 0:16:02.9]} 27. Rxg4 {[%clk 0:34:10.6]} Rxe6 {[%clk 0:16:01.2]} 28. Rdg1 {[%clk 0:34:14.7]} g6 {[%clk 0:15:52.8]} 29. Ng5 {[%clk 0:34:12.0]} Bxg5 {[%clk 0:15:32.1]} 30. Rxg5 {[%clk 0:34:07.8]} Ref6 {[%clk 0:15:31.9]} 31. R5g4 {[%clk 0:33:53.9]} b5 {[%clk 0:15:21.8]} 32. axb5 {[%clk 0:33:53.4]} axb5 {[%clk 0:15:29.1]} 33. Kg2 {[%clk 0:33:55.7]} Ra8 {[%clk 0:15:26.0]} 34. d4 {[%clk 0:33:59.0]} Ra2 {[%clk 0:14:44.8]} 35. Rb1 {[%clk 0:33:40.6]} Kg7 {[%clk 0:14:21.7]} 36. dxe5 {[%clk 0:33:40.2]} dxe5 {[%clk 0:14:26.8]} 37. Re4 {[%clk 0:33:47.3]} Re6 {[%clk 0:14:23.8]} 38. Bd4 {[%clk 0:33:51.1]} Kf6 {[%clk 0:14:28.3]} 39. Be3 {[%clk 0:33:40.6]} Kf5 {[%clk 0:14:24.2]} 40. Rh4 {[%clk 0:33:35.5]} h5 {[%clk 0:14:25.8]} 41. Rb4 {[%clk 0:33:09.8]} c6 {[%clk 0:14:28.8]} 42. Rb3 {[%clk 0:33:16.3]} Ra8 {[%clk 0:13:36.2]} 43. Ra3 {[%clk 0:32:59.6]} Rg8 {[%clk 0:13:40.0]} 44. Ra7 {[%clk 0:32:45.2]} g5 {[%clk 0:13:36.6]} 45. f3 {[%clk 0:32:50.7]} g4 {[%clk 0:13:19.1]} 46. Rh1 {[%clk 0:32:42.7]} gxf3+ {[%clk 0:13:07.7]} 47. Kxf3 {[%clk 0:32:49.9]} e4+ {[%clk 0:13:13.5]} 48. Kf2 {[%clk 0:32:53.4]} Rf6 {[%clk 0:13:00.3]} 49. Bd4 {[%clk 0:32:17.4]} Rh6 {[%clk 0:12:44.7]} 50. Rf7+ {[%clk 0:32:15.2]} Ke6 {[%clk 0:12:34.7]} 51. Rf4 {[%clk 0:32:11.7]} Kd5 {[%clk 0:12:13.7]} 52. Rhh4 {[%clk 0:32:10.0]} Re8 {[%clk 0:12:07.1]} 53. Ke3 {[%clk 0:32:09.3]} c5 {[%clk 0:11:48.4]} 54. Rf5+ {[%clk 0:32:16.0]} Kc4 {[%clk 0:11:49.8]} 55. Rxc5+ {[%clk 0:32:22.6]} Kb3 {[%clk 0:11:14.0]} 56. Rxb5+ {[%clk 0:32:11.5]} Kc4 {[%clk 0:11:16.4]} 57. Rbxh5 {[%clk 0:32:16.7]} Rg6 {[%clk 0:10:25.4]} 58. Rc5+ {[%clk 0:32:13.9]} Kb3 {[%clk 0:10:29.3]} 59. Rb5+ {[%clk 0:32:20.3]} Kc4 {[%clk 0:10:35.0]} 60. Rb4+ {[%clk 0:32:27.9]} Kd5 {[%clk 0:10:32.7]} 61. Rh5+ {[%clk 0:32:36.0]} Ke6 {[%clk 0:10:14.5]} 62. Rb6+ {[%clk 0:32:43.8]} Kf7 {[%clk 0:10:20.4]} 63. Rf5+ {[%clk 0:32:51.7]} Ke7 {[%clk 0:09:40.9]} 64. Rxg6 {[%clk 0:32:28.1]} Kd7 {[%clk 0:09:20.3]} 65. Rf7+ {[%clk 0:32:28.3]} Kd8 {[%clk 0:09:21.9]} 66. Bb6+ {[%clk 0:32:26.9]} Kc8 {[%clk 0:09:26.3]} 67. Rc6+ {[%clk 0:32:31.0]} Kb8 {[%clk 0:09:31.8]} 68. Ba7+ {[%clk 0:32:37.2]} Ka8 {[%clk 0:09:38.1]} 69. b4 {[%clk 0:32:43.3]} Rh8 {[%clk 0:09:28.5]} 70. b5 {[%clk 0:32:50.5]} Rh3+ {[%clk 0:09:33.3]} 71. Kxe4 {[%clk 0:32:57.3]} Rh4+ {[%clk 0:09:41.7]} 72. Kf3 {[%clk 0:33:03.8]} Rh3+ {[%clk 0:09:41.6]} 73. Kg2 {[%clk 0:33:09.9]} Rd3 {[%clk 0:09:41.7]} 74. c4 {[%clk 0:32:58.1]} Rd2+ {[%clk 0:09:42.8]} 75. Kf3 {[%clk 0:33:00.6]} Rd3+ {[%clk 0:09:47.2]} 76. Kf4 {[%clk 0:33:08.4]} Rd8 {[%clk 0:09:46.8]} 77. Ra6 {[%clk 0:33:12.7]} Rd1 {[%clk 0:09:35.4]} 78. Be3+ {[%clk 0:32:56.2]} Kb8 {[%clk 0:09:33.0]} 79. Ba7+ {[%clk 0:32:49.6]} Ka8 {[%clk 0:09:32.6]} 80. Bd4+ {[%clk 0:32:56.2]} Kb8 {[%clk 0:09:35.3]} 81. Be5+ {[%clk 0:33:03.3]} Kc8 {[%clk 0:09:39.8]} 82. Ra8# {[%clk 0:33:10.1]} 1-0

[Event "Club 608 Online 1 - Open C (-1200)"]
[Date "2021.04.10"]
[Round "3.9"]
[White "Béranger, Louise"]
[Black "Vadim, Du Roscoat"]
[Result "0-1"]
[BlackElo "1009"]
[WhiteElo "1009"]

{Clock started by White.} 1. e4 {[%clk 0:50:04.5] Arbiter stopped clock for 60 seconds.} e5 {[%clk 0:49:17.0] Arbiter adjusted W@0:50:02.0 and B@0:50:00.0. Arbiter stopped clock for 19 seconds.} 2. Nf3 {[%clk 0:50:09.2]} Nc6 {[%clk 0:50:06.5]} 3. Nc3 {[%clk 0:50:10.7]} Nf6 {[%clk 0:50:12.2]} 4. Bb5 {[%clk 0:50:11.1]} a6 {[%clk 0:50:07.9]} 5. Bxc6 {[%clk 0:50:09.8]} dxc6 {[%clk 0:50:15.8]} 6. 0-0 {[%clk 0:49:59.1]} Bd6 {[%clk 0:50:14.2]} 7. d3 {[%clk 0:49:28.0]} 0-0 {[%clk 0:50:04.7]} 8. Bg5 {[%clk 0:49:30.2]} Bg4 {[%clk 0:50:05.2]} 9. a4 {[%clk 0:48:41.9]} h6 {[%clk 0:49:51.7]} 10. Be3 {[%clk 0:48:21.5]} Bb4 {[%clk 0:49:36.5]} 11. Na2 {[%clk 0:48:16.3]} Bd6 {[%clk 0:49:31.9]} 12. b3 {[%clk 0:47:47.8]} Qe7 {[%clk 0:49:13.1]} 13. Nc3 {[%clk 0:46:24.1]} Rad8 {[%clk 0:48:40.4]} 14. h3 {[%clk 0:45:23.2]} Bxf3 {[%clk 0:48:24.5]} 15. Qxf3 {[%clk 0:45:20.4]} Bc5 {[%clk 0:47:57.7]} 16. b4 {[%clk 0:44:22.6]} Bd4 {[%clk 0:47:54.5]} 17. Bd2 {[%clk 0:43:55.5]} Qxb4 {[%clk 0:47:37.2]} 18. Nb1 {[%clk 0:43:51.2]} Qd6 {[%clk 0:46:45.6]} 19. c3 {[%clk 0:43:41.3]} Bc5 {[%clk 0:46:11.0]} 20. Be3 {[%clk 0:42:03.0]} Bxe3 {[%clk 0:45:57.1]} 21. Qxe3 {[%clk 0:42:09.0]} Qxd3 {[%clk 0:45:56.8]} 22. Qa7 {[%clk 0:41:02.0]} Rb8 {[%clk 0:45:28.4]} 23. Na3 {[%clk 0:40:42.1]} Qxc3 {[%clk 0:45:02.8]} 24. Rfc1 {[%clk 0:40:20.4]} Qb2 {[%clk 0:44:23.3]} 25. Nc4 {[%clk 0:40:06.4]} Ra8 {[%clk 0:44:03.9]} 26. Qxb7 {[%clk 0:40:08.1]} Qxb7 {[%clk 0:44:09.6]} 27. Nxe5 {[%clk 0:40:05.8]} Nxe4 {[%clk 0:44:03.8]} 28. Re1 {[%clk 0:40:08.0]} c5 {[%clk 0:43:53.3]} 29. Rxe4 {[%clk 0:40:07.8]} Qxe4 {[%clk 0:43:59.5]} 30. Nf3 {[%clk 0:40:08.7]} Qd3 {[%clk 0:43:47.7]} 31. Rc1 {[%clk 0:40:07.3]} Qa3 {[%clk 0:43:31.8]} 32. Rc4 {[%clk 0:40:07.8]} Rab8 {[%clk 0:43:29.0]} 33. Kh2 {[%clk 0:40:10.2]} Rb4 {[%clk 0:43:30.3]} 34. Rxc5 {[%clk 0:40:08.8]} Qxa4 {[%clk 0:43:28.1]} 35. Rxc7 {[%clk 0:40:12.0]} Rd8 {[%clk 0:43:20.2]} 36. Kg3 {[%clk 0:40:16.1]} Qa5 {[%clk 0:43:08.1]} 37. Rc3 {[%clk 0:40:04.0]} g5 {[%clk 0:43:00.9]} 38. Rc6 {[%clk 0:39:55.3]} Kg7 {[%clk 0:42:33.4]} 39. Ne5 {[%clk 0:39:12.3]} Qxe5+ {[%clk 0:42:26.4]} 40. Kf3 {[%clk 0:39:08.5]} Qe4+ {[%clk 0:42:26.5]} 41. Kg3 {[%clk 0:39:14.1]} Qxc6 {[%clk 0:42:32.8]} 42. f4 {[%clk 0:39:15.7]} Rd3+ {[%clk 0:42:32.0]} 43. Kg4 {[%clk 0:39:14.0]} Qxg2+ {[%clk 0:42:31.0]} 44. Kf5 {[%clk 0:39:11.4]} Rd5# {[%clk 0:42:30.0]} 0-1

[Event "Club 608 Online 1 - Open C (-1200)"]
[Date "2021.04.10"]
[Round "3.10"]
[White "Ulysse, Leroux"]
[Black "Tran Hong Dat, Phan"]
[Result "1-0"]
[BlackElo "1009"]
[WhiteElo "1009"]

1. e4 {[%clk 0:50:10.0]} e5 {[%clk 0:50:05.9]} 2. Nf3 {[%clk 0:50:13.7]} Nc6 {[%clk 0:50:11.8]} 3. Bc4 {[%clk 0:50:15.0]} Bc5 {[%clk 0:50:17.3]} 4. d3 {[%clk 0:50:16.5]} Nf6 {[%clk 0:50:22.4]} 5. Ng5 {[%clk 0:50:14.0]} 0-0 {[%clk 0:50:22.8]} 6. 0-0 {[%clk 0:50:16.7]} d6 {[%clk 0:50:27.1]} 7. Nf3 {[%clk 0:50:23.4]} Bg4 {[%clk 0:50:28.9]} 8. Nc3 {[%clk 0:50:23.9]} Qd7 {[%clk 0:50:28.3]} 9. Bg5 {[%clk 0:50:18.5]} h6 {[%clk 0:50:29.8]} 10. Bxf6 {[%clk 0:50:24.1]} gxf6 {[%clk 0:50:37.2]} 11. Nd5 {[%clk 0:45:52.8]} Nd4 {[%clk 0:50:36.8]} 12. Nxf6+ {[%clk 0:45:30.4]} Kh8 {[%clk 0:50:42.1]} 13. Nxd7 {[%clk 0:45:34.7]} Rfd8 {[%clk 0:50:49.6]} 14. Nf6 {[%clk 0:45:30.7]} Bxf3 {[%clk 0:50:48.2]} 15. gxf3 {[%clk 0:45:25.5]} d5 {[%clk 0:50:30.1]} 16. Bxd5 {[%clk 0:45:23.1]} Be7 {[%clk 0:50:32.9]} 17. Bxf7 {[%clk 0:45:23.1]} Bxf6 {[%clk 0:50:34.2]} 18. Qd2 {[%clk 0:45:29.5]} Kg7 {[%clk 0:50:40.4]} 19. Bd5 {[%clk 0:45:28.3]} c6 {[%clk 0:50:43.0]} 20. Be6 {[%clk 0:45:30.2]} Nxf3+ {[%clk 0:50:48.0]} 21. Kh1 {[%clk 0:45:34.0]} Nxd2 {[%clk 0:50:56.0]} 22. Rg1+ {[%clk 0:45:37.9]} Kf8 {[%clk 0:50:55.6]} 23. Rg8+ {[%clk 0:45:42.3]} Ke7 {[%clk 0:51:03.4]} 24. Rxd8 {[%clk 0:45:32.8]} Rxd8 {[%clk 0:51:07.0]} 25. Bb3 {[%clk 0:45:35.7]} Nxb3 {[%clk 0:51:03.5]} 26. axb3 {[%clk 0:45:42.5]} Rg8 {[%clk 0:51:08.8]} 27. Rg1 {[%clk 0:45:29.0]} Kf7 {[%clk 0:51:13.1]} 28. Rf1 {[%clk 0:45:03.8]} b5 {[%clk 0:51:13.8]} 29. b4 {[%clk 0:45:01.4]} a6 {[%clk 0:51:16.5]} 30. Ra1 {[%clk 0:44:38.1]} Be7 {[%clk 0:51:15.4]} 31. Rxa6 {[%clk 0:44:26.3]} Bxb4 {[%clk 0:51:19.8]} 32. Rxc6 {[%clk 0:44:31.5]} h5 {[%clk 0:51:18.6]} 33. Rh6 {[%clk 0:44:34.9]} Be7 {[%clk 0:51:09.2]} 34. Rxh5 {[%clk 0:44:33.6]} b4 {[%clk 0:51:00.1]} 35. Rxe5 {[%clk 0:44:36.7]} Kf6 {[%clk 0:50:57.0]} 36. Rb5 {[%clk 0:44:33.8]} Rg5 {[%clk 0:50:56.2]} 37. c4 {[%clk 0:43:04.6]} Rg4 {[%clk 0:50:44.4]} 38. f3 {[%clk 0:42:27.5]} Rf4 {[%clk 0:50:45.2]} 39. Kg2 {[%clk 0:42:32.9]} Rh4 {[%clk 0:50:30.2]} 40. Kg3 {[%clk 0:42:13.7]} Kf7 {[%clk 0:50:29.1]} 41. Rxb4 {[%clk 0:41:51.7]} Bxb4 {[%clk 0:50:33.2]} 42. Kxh4 {[%clk 0:41:57.0]} Bd2 {[%clk 0:50:37.1]} 43. Kg4 {[%clk 0:41:55.8]} Bc1 {[%clk 0:50:41.7]} 44. b3 {[%clk 0:42:00.6]} Ba3 {[%clk 0:50:44.3]} 45. Kf5 {[%clk 0:42:05.1]} Ke7 {[%clk 0:50:51.7]} 46. Ke5 {[%clk 0:42:08.7]} Kf7 {[%clk 0:50:57.8]} 47. d4 {[%clk 0:42:14.6]} Ke7 {[%clk 0:51:03.2]} 48. d5 {[%clk 0:42:21.1]} Bd6+ {[%clk 0:51:09.3]} 49. Kd4 {[%clk 0:42:18.3]} Bxh2 {[%clk 0:51:15.3]} 50. c5 {[%clk 0:42:23.8]} Kf7 {[%clk 0:51:15.6]} 51. c6 {[%clk 0:42:30.2]} Ke7 {[%clk 0:51:22.5]} 52. Kc5 {[%clk 0:42:37.0]} Bg3 {[%clk 0:51:22.0]} 53. b4 {[%clk 0:42:39.3]} Bh2 {[%clk 0:51:26.3]} 54. b5 {[%clk 0:42:46.0]} Bg3 {[%clk 0:51:32.0]} 55. b6 {[%clk 0:42:53.4]} Bf4 {[%clk 0:51:38.7]} 56. Kb5 {[%clk 0:41:06.4]} Kd8 {[%clk 0:51:41.3]} 57. Ka6 {[%clk 0:41:12.5]} Bh2 {[%clk 0:51:35.7]} 58. Kb7 {[%clk 0:41:14.6]} Bg3 {[%clk 0:51:29.4]} 59. c7+ {[%clk 0:41:18.6]} Kd7 {[%clk 0:51:36.2]} 60. c8=Q+ {[%clk 0:41:22.5]} Ke7 {[%clk 0:51:43.2]} 61. Qg8 {[%clk 0:41:22.3]} Bh2 {[%clk 0:51:48.8]} 62. Qh7+ {[%clk 0:41:26.3]} Kf6 {[%clk 0:51:54.6]} 63. Qxh2 {[%clk 0:41:33.1]} Ke7 {[%clk 0:52:00.0]} 64. Qh6 {[%clk 0:41:38.7]} Kf7 {[%clk 0:52:07.0]} 65. Kc7 {[%clk 0:41:43.2]} Ke7 {[%clk 0:52:06.7]} 66. d6+ {[%clk 0:41:48.8]} Ke8 {[%clk 0:52:12.8]} 67. d7+ {[%clk 0:41:54.8]} Ke7 {[%clk 0:52:19.0]} 68. d8=Q+ {[%clk 0:41:59.1]} Kf7 {[%clk 0:52:25.9]} 69. Qhf6# {[%clk 0:42:00.9]} 1-0

[Event "Club 608 Online 1 - Open B (-1600)"]
[Date "2021.04.10"]
[Round "3.11"]
[White "Maurel, Thibaud"]
[Black "Bonnet, Lucas"]
[Result "1-0"]
[BlackElo "1199"]
[WhiteElo "1256"]

{Clock started by White.} 1. e4 {[%clk 0:50:07.6]} c6 {[%clk 0:49:59.8]} 2. d4 {[%clk 0:50:13.1]} d5 {[%clk 0:50:04.9]} 3. exd5 {[%clk 0:50:11.6]} cxd5 {[%clk 0:50:11.6]} 4. Bd3 {[%clk 0:50:17.6]} Nc6 {[%clk 0:50:01.5]} 5. c3 {[%clk 0:50:23.2]} Nf6 {[%clk 0:49:30.4]} 6. Bf4 {[%clk 0:49:19.2]} e6 {[%clk 0:49:14.8]} 7. Nf3 {[%clk 0:49:19.9]} Be7 {[%clk 0:48:34.5]} 8. 0-0 {[%clk 0:47:58.7]} Qb6 {[%clk 0:48:31.3]} 9. b4 {[%clk 0:47:04.3]} Bd7 {[%clk 0:48:10.6]} 10. Nbd2 {[%clk 0:47:01.6]} Nh5 {[%clk 0:47:44.6]} 11. Be3 {[%clk 0:46:34.2]} Bd6 {[%clk 0:47:43.8]} 12. Ne5 {[%clk 0:46:32.1]} Bxe5 {[%clk 0:46:41.3]} 13. dxe5 {[%clk 0:46:35.4]} Qc7 {[%clk 0:46:45.1]} 14. Qxh5 {[%clk 0:46:41.4]} Nxe5 {[%clk 0:46:32.1]} 15. Bf4 {[%clk 0:46:37.1]} Qxc3 {[%clk 0:45:58.8]} 16. Qxe5 {[%clk 0:46:04.2]} Qxd3 {[%clk 0:45:52.3]} 17. Nf3 {[%clk 0:46:10.0]} 0-0 {[%clk 0:45:30.4]} 18. Rfd1 {[%clk 0:46:07.6]} Qc2 {[%clk 0:39:43.5]} 19. Rdc1 {[%clk 0:43:51.5]} Qd3 {[%clk 0:39:25.1]} 20. Rc7 {[%clk 0:43:43.0]} Bc6 {[%clk 0:39:12.0]} 21. Nd4 {[%clk 0:43:24.3]} f6 {[%clk 0:38:49.6]} 22. Qxe6+ {[%clk 0:43:22.8]} Kh8 {[%clk 0:38:44.0]} 23. Nxc6 {[%clk 0:43:26.8]} Qc3 {[%clk 0:36:08.6]} 24. Rf1 {[%clk 0:43:26.6]} Rfe8 {[%clk 0:33:48.0]} 25. Qf7 {[%clk 0:43:06.9]} f5 {[%clk 0:33:39.9]} 26. Be5 {[%clk 0:42:57.7]} Rxe5 {[%clk 0:33:28.8]} 27. Qxg7# {[%clk 0:43:03.9]} 1-0

[Event "Club 608 Online 1 - Open C (-1200)"]
[Date "2021.04.10"]
[Round "3.11"]
[White "Coffin, Mathis"]
[Black "Pinçon, Pierrot"]
[Result "1-0"]
[BlackElo "1009"]
[WhiteElo "1009"]

{Clock started by Black.} 1. e4 {[%clk 0:49:47.2]} d5 {[%clk 0:50:05.1]} 2. Nc3 {[%clk 0:49:46.6]} dxe4 {[%clk 0:50:12.1]} 3. Nxe4 {[%clk 0:49:52.5]} Qd5 {[%clk 0:50:16.2]} 4. Bd3 {[%clk 0:49:44.5]} Nf6 {[%clk 0:50:16.1]} 5. Nxf6+ {[%clk 0:49:49.4]} gxf6 {[%clk 0:50:22.7]} 6. Qe2 {[%clk 0:49:50.7]} Qxg2 {[%clk 0:50:25.3]} 7. Be4 {[%clk 0:49:46.5]} Qg5 {[%clk 0:50:23.9]} 8. Nf3 {[%clk 0:49:48.3]} Qg4 {[%clk 0:50:26.7]} 9. d3 {[%clk 0:49:48.7]} Bf5 {[%clk 0:50:29.1]} 10. Bxf5 {[%clk 0:49:53.4]} Qxf5 {[%clk 0:50:35.7]} 11. 0-0 {[%clk 0:49:43.6]} Rg8+ {[%clk 0:50:38.3]} 12. Kh1 {[%clk 0:49:49.7]} Qg6 {[%clk 0:50:46.4]} 13. Nh4 {[%clk 0:49:50.6]} Qg7 {[%clk 0:50:50.0]} 14. Qe1 {[%clk 0:49:53.4]} Qg4 {[%clk 0:50:47.8]} 15. f3 {[%clk 0:49:53.7]} Qd4 {[%clk 0:50:39.9]} 16. Be3 {[%clk 0:49:55.7]} Qxb2 {[%clk 0:50:41.1]} 17. Rg1 {[%clk 0:49:58.9]} Rxg1+ {[%clk 0:50:44.8]} 18. Qxg1 {[%clk 0:50:03.8]} Nc6 {[%clk 0:50:49.7]} 19. Rb1 {[%clk 0:50:07.6]} Qxc2 {[%clk 0:50:55.9]} 20. Rxb7 {[%clk 0:50:04.1]} Qxd3 {[%clk 0:50:55.4]} 21. Rxc7 {[%clk 0:50:06.5]} Ne5 {[%clk 0:50:47.4]} 22. Bf4 {[%clk 0:50:07.3]} Nxf3 {[%clk 0:50:52.1]} 23. Nxf3 {[%clk 0:50:03.7]} Qxf3+ {[%clk 0:51:00.0]} 24. Qg2 {[%clk 0:49:59.8]} Qxf4 {[%clk 0:51:06.9]} 25. Qxa8# {[%clk 0:50:04.2]} 1-0

[Event "Club 608 Online 1 - Open B (-1600)"]
[Date "2021.04.10"]
[Round "3.12"]
[White "Yseoline, Bouland"]
[Black "Rodionov, Vadim"]
[Result "1-0"]
[BlackCountry "FRA"]
[BlackElo "1254"]
[BlackFideId "45195943"]
[WhiteElo "1126"]

{Clock started by Black.} 1. e4 {[%clk 0:46:53.2]} e6 {[%clk 0:50:06.3]} 2. d4 {[%clk 0:47:00.9]} d5 {[%clk 0:50:15.1]} 3. e5 {[%clk 0:47:09.3]} c5 {[%clk 0:50:23.1]} 4. c3 {[%clk 0:47:18.0]} Nc6 {[%clk 0:50:31.6]} 5. Nf3 {[%clk 0:47:24.1]} Qb6 {[%clk 0:50:39.8]} 6. Bd3 {[%clk 0:47:30.7]} Bd7 {[%clk 0:50:47.4]} 7. 0-0 {[%clk 0:47:38.5]} cxd4 {[%clk 0:50:55.7]} 8. cxd4 {[%clk 0:47:46.5]} Nxd4 {[%clk 0:51:04.2]} 9. Nxd4 {[%clk 0:47:54.1]} Qxd4 {[%clk 0:51:12.7]} 10. Nc3 {[%clk 0:48:02.6]} Be7 {[%clk 0:51:11.4]} 11. Qe2 {[%clk 0:47:55.9]} Qb6 {[%clk 0:51:07.6]} 12. Be3 {[%clk 0:47:53.6]} Qc7 {[%clk 0:51:11.1]} 13. Bd4 {[%clk 0:47:52.3]} f6 {[%clk 0:51:14.8]} 14. Nb5 {[%clk 0:47:49.7]} Bxb5 {[%clk 0:51:19.7]} 15. Bxb5+ {[%clk 0:47:47.6]} Kf7 {[%clk 0:51:28.0]} 16. Rac1 {[%clk 0:47:37.4]} Qa5 {[%clk 0:51:23.7]} 17. a3 {[%clk 0:47:17.3]} a6 {[%clk 0:51:30.0]} 18. Bd3 {[%clk 0:47:01.7]} fxe5 {[%clk 0:51:32.4]} 19. Qxe5 {[%clk 0:46:48.1]} Bf6 {[%clk 0:51:30.4]} 20. Rc7+ {[%clk 0:46:14.6]} Kf8 {[%clk 0:51:18.9]} 21. Qd6+ {[%clk 0:45:32.3]} Be7 {[%clk 0:51:25.5]} 22. Qf4+ {[%clk 0:44:53.3]} Nf6 {[%clk 0:51:29.4]} 23. Rxb7 {[%clk 0:44:20.7]} Kf7 {[%clk 0:50:53.7]} 24. Bb6 {[%clk 0:43:28.8]} g5 {[%clk 0:49:50.0]} 25. Qd6 {[%clk 0:42:10.9]} Qxb6 {[%clk 0:48:32.7]} 26. Qxe7+ {[%clk 0:42:00.0]} Kg8 {[%clk 0:48:40.4]} 27. Qg7# {[%clk 0:42:04.3]} 1-0

[Event "Club 608 Online 1 - Open C (-1200)"]
[Date "2021.04.10"]
[Round "3.12"]
[White "Decaure--Gonzalez, Rodrigue"]
[Black "Liu, Louis"]
[Result "0-1"]
[BlackElo "1009"]
[WhiteElo "1009"]

{Clock started by White.} 1. e4 {[%clk 0:50:06.1]} e5 {[%clk 0:50:06.9]} 2. Nf3 {[%clk 0:50:12.8]} Nc6 {[%clk 0:50:13.3]} 3. Bc4 {[%clk 0:50:16.5]} Bc5 {[%clk 0:50:18.0]} 4. c3 {[%clk 0:50:21.9]} Nf6 {[%clk 0:50:24.9]} 5. d4 {[%clk 0:44:32.6]} exd4 {[%clk 0:49:48.0]} 6. cxd4 {[%clk 0:44:32.9]} Bb4+ {[%clk 0:49:44.4]} 7. Bd2 {[%clk 0:43:24.7]} Nxe4 {[%clk 0:48:50.4]} 8. Bxb4 {[%clk 0:41:40.4]} Nxb4 {[%clk 0:43:00.1]} 9. d5 {[%clk 0:41:19.7]} 0-0 {[%clk 0:42:00.8]} 10. Qd4 {[%clk 0:41:14.6]} Nc2+ {[%clk 0:42:00.3]} 11. Ke2 {[%clk 0:39:35.7]} Nxd4+ {[%clk 0:40:46.0]} 12. Nxd4 {[%clk 0:39:38.2]} Re8 {[%clk 0:40:45.5]} 13. Re1 {[%clk 0:39:23.7]} Nd6+ {[%clk 0:39:59.1]} 14. Kf1 {[%clk 0:38:37.2]} Rxe1+ {[%clk 0:39:52.9]} 15. Kxe1 {[%clk 0:38:40.5]} Qe7+ {[%clk 0:39:59.4]} 16. Ne2 {[%clk 0:38:28.6]} Nxc4 {[%clk 0:39:45.7]} 17. Nc3 {[%clk 0:38:16.2]} d6 {[%clk 0:39:47.3]} 18. b3 {[%clk 0:37:58.3]} Nb6 {[%clk 0:39:18.9]} 19. Rd1 {[%clk 0:37:29.6]} Bg4 {[%clk 0:39:18.1]} 20. Rd4 {[%clk 0:36:26.4]} Bxe2 {[%clk 0:39:17.8]} 21. Nxe2 {[%clk 0:36:20.0]} Re8 {[%clk 0:39:12.4]} 22. Rd2 {[%clk 0:35:41.3]} Nxd5 {[%clk 0:39:11.6]} 23. g3 {[%clk 0:33:42.6]} Nc3 {[%clk 0:39:10.2]} 24. Kf1 {[%clk 0:33:35.4]} Nxe2 {[%clk 0:39:12.1]} 25. Kg2 {[%clk 0:33:16.8]} Qe4+ {[%clk 0:38:48.6]} 26. f3 {[%clk 0:33:20.8]} Qe3 {[%clk 0:38:12.2]} 27. Rd1 {[%clk 0:31:48.6]} Nf4+ {[%clk 0:37:52.6]} 28. Kh1 {[%clk 0:31:05.6]} {White Resigned} 0-1

[Event "Club 608 Online 1 - Open B (-1600)"]
[Date "2021.04.10"]
[Round "3.13"]
[White "Peignien, Laurent"]
[Black "Mecherfi, Nuêman"]
[Result "0-1"]
[BlackElo "1176"]
[WhiteElo "1250"]

1. e4 {[%clk 0:50:10.0]} e5 {[%clk 0:50:07.1]} 2. Nf3 {[%clk 0:50:03.8]} Nc6 {[%clk 0:50:13.2]} 3. d4 {[%clk 0:50:07.3]} exd4 {[%clk 0:50:21.4]} 4. Nxd4 {[%clk 0:50:11.2]} Qh4 {[%clk 0:50:28.0]} 5. Be3 {[%clk 0:49:38.3]} Qxe4 {[%clk 0:47:48.3]} 6. Nc3 {[%clk 0:49:43.1]} Bb4 {[%clk 0:47:51.4]} 7. Nb5 {[%clk 0:49:32.3] Arbiter stopped clock for 19 seconds. Black stopped clock for 80 seconds.} Bxc3+ {[%clk 0:41:42.5]} 8. Nxc3 {[%clk 0:48:57.4]} Qe5 {[%clk 0:41:07.4]} 9. Qd2 {[%clk 0:48:07.2]} Nge7 {[%clk 0:38:07.5]} 10. 0-0-0 {[%clk 0:48:05.4]} 0-0 {[%clk 0:37:59.7]} 11. Bf4 {[%clk 0:47:50.6]} Qa5 {[%clk 0:37:09.3]} 12. Bc4 {[%clk 0:46:36.6]} d6 {[%clk 0:35:53.1]} 13. h4 {[%clk 0:44:15.2]} Ng6 {[%clk 0:28:53.2]} 14. Be3 {[%clk 0:43:05.6]} Qb4 {[%clk 0:27:42.5]} 15. Bd3 {[%clk 0:40:14.4]} Nge5 {[%clk 0:24:43.8]} 16. Be2 {[%clk 0:39:16.8]} Be6 {[%clk 0:23:44.5]} 17. f4 {[%clk 0:38:06.2]} Nc4 {[%clk 0:22:24.4]} 18. Bxc4 {[%clk 0:37:39.9]} Qxc4 {[%clk 0:21:25.0]} 19. b3 {[%clk 0:37:27.6]} Qb4 {[%clk 0:21:04.3]} 20. Kb2 {[%clk 0:36:57.6]} Na5 {[%clk 0:15:39.3]} 21. Ka1 {[%clk 0:35:47.7]} c5 {[%clk 0:14:07.7]} 22. Qd3 {[%clk 0:34:22.8]} c4 {[%clk 0:09:20.6]} 23. Qd2 {[%clk 0:30:31.9]} cxb3 {[%clk 0:08:56.2]} 24. cxb3 {[%clk 0:30:30.6]} Bxb3 {[%clk 0:07:33.6]} 25. Rb1 {[%clk 0:30:08.2]} Qc4 {[%clk 0:04:01.5]} 26. axb3 {[%clk 0:30:03.4]} Nxb3+ {[%clk 0:04:00.7]} 27. Rxb3 {[%clk 0:29:58.3]} Qxb3 {[%clk 0:04:05.5]} 28. Rb1 {[%clk 0:30:01.0]} Qa3+ {[%clk 0:03:59.0]} 29. Na2 {[%clk 0:30:02.4]} Rfe8 {[%clk 0:03:21.5]} 30. Bd4 {[%clk 0:30:05.3]} b6 {[%clk 0:03:10.3]} 31. Qc3 {[%clk 0:29:52.5]} Qxc3+ {[%clk 0:03:10.3]} 32. Bxc3 {[%clk 0:29:59.3]} Rac8 {[%clk 0:02:58.1]} 33. Re1 {[%clk 0:29:32.3]} Rxe1+ {[%clk 0:02:36.5]} 34. Bxe1 {[%clk 0:29:39.1]} Rc2 {[%clk 0:02:43.6]} 35. Nc3 {[%clk 0:29:38.5]} Rc1+ {[%clk 0:02:44.2]} {White Resigned} 0-1